北斗七星 The big dipper "Beidou" - Statistics

General Stats
  • This quiz has been taken 101 times
  • The average score is 6 of 7
Answers on the Map
Answers color-coded by a green-red scale on the quiz's map according to % correct below.
 
Answer Stats
西方命名 北斗七星 % Correct
大熊座α 天枢
94%
大熊座β 天璇
84%
大熊座γ 天玑
84%
大熊座η 摇光
83%
大熊座δ 天权
82%
大熊座ε 玉衡
79%
大熊座ζ 开阳
77%
No matching quizzes found
Score Distribution
Percent of People with Each Score
Percentile by Number Answered
Your Score History
You have not taken this quiz